Textbook of Pharmacology, Pathology and Genetics for Nurses for B.Sc Nursing 3rd and 4th Semester (Record no. 370217)
[ view plain ]
| 000 -LEADER | |
|---|---|
| fixed length control field | 00989nam a22001937a 4500 |
| 003 - CONTROL NUMBER IDENTIFIER | |
| control field | OSt |
| 005 - DATE AND TIME OF LATEST TRANSACTION | |
| control field | 20260128133500.0 |
| 008 - FIXED-LENGTH DATA ELEMENTS--GENERAL INFORMATION | |
| fixed length control field | 260128b |||||||| |||| 00| 0 eng d |
| 020 ## - INTERNATIONAL STANDARD BOOK NUMBER | |
| International Standard Book Number | 9789374737330 |
| 041 ## - LANGUAGE CODE | |
| Language code of text/sound track or separate title | Eng |
| 100 ## - MAIN ENTRY--PERSONAL NAME | |
| Personal name | SETHI DIPAK |
| 9 (RLIN) | 216512 |
| 245 ## - TITLE STATEMENT | |
| Title | Textbook of Pharmacology, Pathology and Genetics for Nurses for B.Sc Nursing 3rd and 4th Semester |
| 250 ## - EDITION STATEMENT | |
| Edition statement | 1st |
| 260 ## - PUBLICATION, DISTRIBUTION, ETC. (IMPRINT) | |
| Place of publication, distribution, etc. | Delhi |
| Name of publisher, distributor, etc. | AITBS Publishers, INDIA |
| Date of publication, distribution, etc. | 2023 |
| 300 ## - PHYSICAL DESCRIPTION | |
| Extent | P.612 |
| 500 ## - GENERAL NOTE | |
| Keywords | A comprehensive guide compiled as per the Revised INC Syllabus for under graduate nursing students.<br/>Highly readable format offers you a strong foundation in Pharmacology, Pathology and Genetics.<br/>Content written and reviewed by leading experts in the field ensures that information is comprehensive, current, and accurate.<br/>Applied questions on evidence based practice has been mentioned at the end of book.<br/>A lifelong companion for Basic nursing students. |
| 610 ## - SUBJECT ADDED ENTRY--CORPORATE NAME | |
| Corporate name or jurisdiction name as entry element | Pharmacology |
| 9 (RLIN) | 216513 |
| 942 ## - ADDED ENTRY ELEMENTS (KOHA) | |
| Source of classification or shelving scheme | Dewey Decimal Classification |
| Koha item type | Donated Book |
| Withdrawn status | Lost status | Source of classification or shelving scheme | Damaged status | Not for loan | Home library | Current library | Date acquired | Vendor | Cost, normal purchase price | Bill number | Total Checkouts | Full call number | Barcode | Checked out | Date last seen | Date last checked out | Cost, replacement price | Bill Date | Koha item type |
|---|---|---|---|---|---|---|---|---|---|---|---|---|---|---|---|---|---|---|---|
| Dewey Decimal Classification | Sitabai Nargundkar College of Nursing Nagpur | Sitabai Nargundkar College of Nursing Nagpur | 23/01/2026 | Donated By Reshma A. Raut | 795.00 | IK#2025-26#00918 | 1 | 615.1026 SET | SNCN-DB-365 | 04/03/2026 | 02/02/2026 | 02/02/2026 | 795.00 | 29/01/2026 | Donated Book |